000 00982nam a2200301Ia 4500
003 GCL
008 140319s9999 xx 000 0 ara d
040 _aGCL /
_cGCL
082 0 4 _aق
_b962.16
_bع خ
100 1 _aعلى مبارك
245 1 0 _aالخطط التوفيقية الجديدة لمصر القاهرة ومدنها وبلادها القديمة والشهيرة /
_cعلى مبارك
260 _a[S.N] :
_bالهيئة المصرية العامة للكتاب ،
_c1994
300 _aمتعدد ؛
_c30سم
650 0 4 _aالتجارة
650 0 4 _aالمقابر
650 0 4 _aالمدارس
650 0 4 _aالاثار الاسلامية
650 0 4 _aاحياء وضواحى
650 0 4 _aالمساجد
650 0 4 _aالمعابد
650 0 4 _aالشوارع
650 0 4 _aالاسكندرية
650 0 4 _aالحمامات العامة
650 0 4 _aاوقاف
650 0 4 _aاسواق
650 0 4 _aالكنائس
942 _2ddc
_cBK
999 _c58763
_d58763